Marketing of healthcare services / (Record no. 147032)

MARC details
000 -LEADER
fixed length control field 00591nam a22001937a 4500
005 - DATE AND TIME OF LATEST TRANSACTION
control field 20171031123833.0
010 ## - LCCN (DPL NO)
LC control number ENG-121157
020 ## - INTERNATIONAL STANDARD BOOK NUMBER
International Standard Book Number 9788174467287
Terms of availability 450.00
035 ## - SYSTEM CONTROL NUMBER
System control number EN-104689
037 ## - SOURCE OF ACQUISITION
Source of stock number/acquisition DBAD/PUB
082 ## - DEWEY DECIMAL CLASSIFICATION NUMBER
Classification number 362.10688
100 ## - MAIN ENTRY--PERSONAL NAME
Personal name Ramanujam, P.G.
245 ## - TITLE STATEMENT
Title Marketing of healthcare services /
Statement of responsibility, etc by P.G. Ramanujam
260 ## - PUBLICATION, DISTRIBUTION, ETC. (IMPRINT)
Place of publication, distribution, etc New Delhi
Name of publisher, distributor, etc Excel Books
Date of publication, distribution, etc 2009
270 ## - ADDRESS
Address A-45, Naraina, Phase-I
City New Delhi
Postal code 110028
300 ## - PHYSICAL DESCRIPTION
Extent xiii,308p.
Dimensions 24cm(pbk)
Other physical details ill.
500 ## - GENERAL NOTE
General note includes bibliographical references
942 ## - ADDED ENTRY ELEMENTS (KOHA)
Source of classification or shelving scheme Dewey Decimal Classification
Item type English Books
Classification part 362.10688
Call number suffix RAM
Holdings
Withdrawn status Lost status Not for loan Collection code Home library Current library Date acquired Source of acquisition Cost, normal purchase price Full call number Barcode Copy number Cost, replacement price Koha item type
    Not For Loan Non-fiction D.B.Act.Division Bawana 31/10/2017 DBAD/PUB 450.00 362.10688 RAM EN-104689 1 450.00 English Books

© Delhi Public Library
Hit Counter
free hit counter